Kraje z więcej niż jedną stolicą - Statystyki

Ogólne statystyki
  • Ten quiz został rozwiązany 53 razy
  • Średni wynik to 3 z 10
Statystyki odpowiedzi
Kraje (dodatkowo stolice) % Poprawnych
Republika Południowej Afryki: Pretoria, Kapsztad, Bloemfontein
89%
Boliwia: La Paz i Sucre
61%
Sri Lanka: Kolombo i Kotte
35%
Niderlandy: Amsterdam i Haga
30%
Wybrzeże Kości Słoniowej: Abidżan i Jamusukro
26%
Malezja: Kuala Lumpur i Putrajaya
22%
Chile: Santiago i Valparaiso
20%
Czarnogóra: Podgorica i Cetynia
15%
Gruzja: Tbilisi i Kutaisi
15%
Benin: Porto Novo i Kotonu
13%
Nie znaleziono quizów pasujących do podanych kryteriów
Rozkład punktacji
Procent ludzi z każdym wynikiem
Percentyl według liczby udzielonych odpowiedzi
Twoja historia wyników
Nie rozwiązałeś tego quizu